| 000 | 01257nam0a22003011 4500 | ||
|---|---|---|---|
| 001 | rc\939123 | ||
| 005 | 20160311102720.0 | ||
| 035 | _a(NLR Aleph) 006111757 | ||
| 090 |
_a5366653 _c5366653 |
||
| 100 | _a20041129d1982 u |0rusy50 ca | ||
| 101 | 0 | _arus | |
| 102 | _aRU | ||
| 105 | _aa ||||||||| | ||
| 200 | 1 |
_aПрочность сварных конструкций _eСпец. главы _eТекст лекций _fН.Л. Зайцев, Н.А. Клыков, Б.Г. Кульневич |
|
| 210 |
_aЧелябинск _cЧПИ _d1982 |
||
| 215 |
_a55 с. _cил. _d20 |
||
| 300 | _aНа обл. авт. не указаны | ||
| 300 | _aВ надзаг.: Челяб. политехн. ин-т им. Ленинского комсомола, Каф. оборуд. и технологии свароч. пр-ва | ||
| 320 | _aБиблиогр.: с. 53-54 (11 назв.) | ||
| 700 | 1 |
_aЗайцев _bН. Л. _cканд. техн. наук _gНиколай Леонидович _3RU\NLR\AUTH\770155502 |
|
| 701 | 1 |
_aКлыков _bН. А. _gНиколай Алексеевич |
|
| 701 | 1 |
_aКульневич _bБ. Г. |
|
| 801 | 0 |
_aRU _bNLR _gpsbo |
|
| 801 | 1 |
_aRU _bELAR _2rusmarc |
|
| 852 |
_aNLR _j83-4/29680 |
||
| 942 | _cBOOK | ||
| 980 | _aNB | ||